00530cam a22002171 4500001001300000003000400013005001700017008004100034010001700075035002000092040001800112050001800130100003100148245002000179260001000199300002300209500002800232500001400260650002100274999001700295sa 67000628 DLC20260227112316.0900119s1966 ii 000 0 hino  asa 67000628  a(OCoLC)20928251 aDLCcWaUdDLC00aBL1235.S6bD31 aDas, Bhagavan,d1869-1958.10aPurushaārtha. c1966. a31, 588 p.c23 cm. aAdded t. p. in English. aIn Hindi. 0aHindu sociology. c72099d72099